[Event "Titled Tuesday intern op 16th Apr Early"]
[Site "Chess.com INT"]
[Date "2024.04.16"]
[Round "7"]
[White "Becerra, Juan David"]
[Black "Hovakimyan, Vache"]
[Result "1-0"]
[WhiteElo "2296"]
[BlackElo "2202"]
[PlyCount "149"]
[EventDate "2024.04.16"]
[EventType "swiss (blitz)"]
[EventRounds "11"]
[EventCountry "USA"]
[SourceTitle "CB17_2024"]
[SourceDate "2024.04.24"]
[SourceVersion "1"]
[SourceVersionDate "2024.04.24"]
[SourceQuality "1"]

1. e4 e5 2. Nc3 Nf6 3. g3 Bc5 4. Bg2 d6 5. Na4 Bb4 6. a3 Ba5 7. b4 Bd7 8. bxa5 Bxa4 9. Rb1 Bc6 10. d3 0-0 11. c4 b6 12. axb6 axb6 13. Ne2 Na6 14. Nc3 Nc5 15. 0-0 h6 16. f4 Ne6 17. f5 Nd4 18. Ra1 Nd7 19. h4 Nc5 20. Ne2 Nxe2+ 21. Qxe2 Nb3 22. Ra2 Nxc1 23. Rxc1 Ra5 24. Kh2 f6 25. Rc3 Qe7 26. Bf3 Rfa8 27. Bh5 Be8 28. Bxe8 Qxe8 29. Qb2 Qc6 30. Kg2 Qc5 31. Qf2 Qxf2+ 32. Kxf2 Kf7 33. Ke3 Ke7 34. Rb3 Kd7 35. Kd2 Kc6 36. Kc3 Kc5 37. Ra1 c6 38. g4 Ra4 39. Kb2 Rb8 40. Rg1 Kd4 41. g5 hxg5 42. hxg5 Ra7 43. gxf6 gxf6 44. Rg6 Rf7 45. a4 Ra8 46. Ka3 Kc5 47. Rb2 Rh8 48. Rb3 Rh2 49. Rg8 Rd2 50. Rb8 Kd4 51. R8xb6 Rc7 52. a5 Rxd3 53. Rxd3+ Kxd3 54. a6 Kxe4 55. Rb7 Rc8 56. a7 Ra8 57. Kb4 d5 58. c5 d4 59. Ka5 d3 60. Kb6 Kf3 61. Rb8 Rxa7 62. Kxa7 e4 63. Rd8 Ke2 64. Kb6 d2 65. Kxc6 e3 66. Kb6 d1Q 67. Rxd1 Kxd1 68. c6 e2 69. c7 e1Q 70. c8Q Qb4+ 71. Kc7 Qc5+ 72. Kd8 Qe5 73. Qe6 Qc3 74. Ke7 Qc7+ 75. Qd7+ 1-0

[Event "Titled Tuesday intern op 16th Apr Early"]
[Site "Chess.com INT"]
[Date "2024.04.16"]
[Round "10"]
[White "Hovakimyan, Vache"]
[Black "Omariev, Maksim"]
[Result "0-1"]
[WhiteElo "2202"]
[BlackElo "2304"]
[PlyCount "48"]
[EventDate "2024.04.16"]
[EventType "swiss (blitz)"]
[EventRounds "11"]
[EventCountry "USA"]
[SourceTitle "CB17_2024"]
[SourceDate "2024.04.24"]
[SourceVersion "1"]
[SourceVersionDate "2024.04.24"]
[SourceQuality "1"]

1. g4 d5 2. Bg2 Bxg4 3. c4 c6 4. Qb3 Nf6 5. Qxb7 Nbd7 6. cxd5 cxd5 7. d3 e6 8. Nc3 Rb8 9. Qc6 Rb6 10. Qa4 Bd6 11. Nf3 0-0 12. Qd1 Qb8 13. h3 Bh5 14. d4 Rc8 15. 0-0 h6 16. Na4 Rbc6 17. Bd2 Bg6 18. Nc3 Qxb2 19. Qc1 Qxc1 20. Rfxc1 Ba3 21. Rf1 Bb2 22. Nb5 Bxa1 23. Nxa7 Bb2 24. Nxc8 Rxc8 0-1

[Event "Titled Tuesday intern op 16th Apr Early"]
[Site "Chess.com INT"]
[Date "2024.04.16"]
[Round "11"]
[White "Ljukin, Sergei"]
[Black "Hovakimyan, Vache"]
[Result "1/2-1/2"]
[WhiteElo "2362"]
[BlackElo "2202"]
[PlyCount "154"]
[EventDate "2024.04.16"]
[EventType "swiss (blitz)"]
[EventRounds "11"]
[EventCountry "USA"]
[SourceTitle "CB17_2024"]
[SourceDate "2024.04.24"]
[SourceVersion "1"]
[SourceVersionDate "2024.04.24"]
[SourceQuality "1"]

1. e4 e6 2. d4 d5 3. Nc3 Nf6 4. Bg5 Bb4 5. e5 h6 6. Bd2 Bxc3 7. bxc3 Ne4 8. Qg4 g6 9. Bd3 Nxd2 10. Kxd2 c5 11. Nf3 Nc6 12. Qf4 Qa5 13. dxc5 Qxc5 14. Nd4 Nxd4 15. Qxd4 Qxd4 16. cxd4 Bd7 17. f4 h5 18. a4 0-0-0 19. a5 Kb8 20. g3 h4 21. g4 h3 22. Rhg1 a6 23. Rab1 Ka7 24. Rg3 Rc8 25. Bf1 Ba4 26. Rb2 Rh4 27. Ra3 Bc6 28. Be2 g5 29. Ke3 Rg8 30. fxg5 Rxg5 31. Kf4 Rg7 32. Kg3 Rh6 33. Rf3 Be8 34. Rbb3 Ba4 35. Rb2 Rhg6 36. Rf4 Rh6 37. Bd3 Be8 38. Rb6 Bc6 39. Bxa6 Rh8 40. Bd3 Rc8 41. Rb1 Ba4 42. Rb2 Rc3 43. Kxh3 Bxc2 44. Rxc2 Rxd3+ 45. Kg2 Ka6 46. h3 Kxa5 47. Rc7 b5 48. Ra7+ Kb4 49. Raxf7 Rg8 50. Re7 Ra8 51. Rxe6 Ra2+ 52. Rf2 Raa3 53. Rh6 Rxd4 54. Re2 Rdd3 55. e6 Rg3+ 56. Kh2 Rge3 57. Rxe3 Rxe3 58. g5 d4 59. g6 d3 60. g7 d2 61. g8Q d1Q 62. Qg4+ Qxg4 63. hxg4 Kc5 64. Rh5+ Kc6 65. Rh6 Kd6 66. Rh5 b4 67. Rb5 Kxe6 68. Rxb4 Kf6 69. Kg2 Kg5 70. Kf2 Ra3 71. Kg2 Kh4 72. Kf2 Rg3 73. g5+ Kh3 74. Rb5 Kh4 75. Rc5 Rxg5 76. Rc4+ Rg4 77. Rxg4+ Kxg4 1/2-1/2

[Event "Titled Tuesday intern op 16th Apr Early"]
[Site "Chess.com INT"]
[Date "2024.04.16"]
[Round "9"]
[White "Shohat, Yotam"]
[Black "Hovakimyan, Vache"]
[Result "1-0"]
[WhiteElo "2398"]
[BlackElo "2202"]
[PlyCount "129"]
[EventDate "2024.04.16"]
[EventType "swiss (blitz)"]
[EventRounds "11"]
[EventCountry "USA"]
[SourceTitle "CB17_2024"]
[SourceDate "2024.04.24"]
[SourceVersion "1"]
[SourceVersionDate "2024.04.24"]
[SourceQuality "1"]

1. e4 e6 2. d3 d5 3. Nd2 c5 4. g3 Nc6 5. Bg2 g6 6. f4 Bg7 7. Ne2 Nge7 8. 0-0 0-0 9. c3 d4 10. c4 f5 11. e5 a6 12. a3 Rb8 13. b4 cxb4 14. axb4 Nxb4 15. Nb3 Nec6 16. Ba3 Re8 17. Bxb4 Nxb4 18. Nexd4 Bf8 19. Kh1 b5 20. cxb5 axb5 21. Ra7 Qb6 22. Qa1 Bb7 23. Bxb7 Rxb7 24. Ra8 Rbb8 25. Rxb8 Rxb8 26. Qd1 Qb7+ 27. Qf3 Kf7 28. Kg2 Nxd3 29. Qxb7+ Rxb7 30. Kf3 b4 31. Ra1 Nc5 32. Nxc5 Bxc5 33. Nb3 Be7 34. Ke2 Rc7 35. Rc1 Rxc1 36. Nxc1 Ke8 37. Kd3 Kd7 38. Kc4 g5 39. Nd3 g4 40. Nxb4 Bd8 41. Kb5 Be7 42. Nd3 Ba3 43. Ka4 Be7 44. Kb5 Ba3 45. Nf2 Be7 46. h3 h5 47. hxg4 hxg4 48. Nd3 Ba3 49. Kb6 Ke7 50. Nc5 Bb4 51. Nd3 Bd2 52. Kc6 Be3 53. Kc7 Bg1 54. Nc1 Bh2 55. Ne2 Ke8 56. Kd6 Kf7 57. Kd7 Kg7 58. Kxe6 Kg6 59. Kd7 Kh5 60. e6 Bxg3 61. Nxg3+ Kh4 62. Nxf5+ Kh3 63. e7 g3 64. e8Q g2 65. Qh5# 1-0

[Event "Moscow-ch op Superfinal"]
[Site "Ershovo"]
[Date "2024.02.25"]
[Round "4"]
[White "Hovakimyan, Vache"]
[Black "Efimov, Leonid"]
[Result "1/2-1/2"]
[WhiteElo "2121"]
[BlackElo "2058"]
[PlyCount "62"]
[EventDate "2024.02.23"]
[EventType "swiss"]
[EventRounds "10"]
[EventCountry "RUS"]
[SourceTitle "CB10_2024"]
[SourceDate "2024.03.06"]
[SourceVersion "1"]
[SourceVersionDate "2024.03.06"]
[SourceQuality "1"]

1. d4 d5 2. c4 e6 3. Nc3 c6 4. e3 Nf6 5. Nf3 Nbd7 6. Qc2 Bd6 7. b3 0-0 8. Be2 b6 9. 0-0 Bb7 10. Bb2 Qe7 11. Rfe1 Rfe8 12. e4 dxe4 13. Nxe4 Nxe4 14. Qxe4 Nf6 15. Qe3 c5 16. Ne5 Rac8 17. Rad1 cxd4 18. Bxd4 Bb4 19. Rf1 Red8 20. Bf3 Qc7 21. Rd3 Bxf3 22. Nxf3 Bc5 23. Rfd1 Bxd4 24. Rxd4 Kf8 25. Ne5 Rxd4 26. Qxd4 Qc5 27. g3 Ke7 28. b4 Qxd4 29. Rxd4 a6 30. a4 Rc7 31. f4 Nd7 1/2-1/2

[Event "Wch U14 blitz"]
[Site "Batumi"]
[Date "2023.06.11"]
[Round "7"]
[White "Hovakimyan, Vache"]
[Black "Rustemov, Gurbanmyrat"]
[Result "1-0"]
[WhiteElo "1909"]
[BlackElo "1806"]
[PlyCount "59"]
[EventDate "2023.06.10"]
[EventType "swiss (blitz)"]
[EventRounds "11"]
[EventCountry "GEO"]
[SourceTitle "EXT 2024"]
[Source "ChessBase"]
[SourceDate "2023.10.10"]
[SourceVersion "1"]
[SourceVersionDate "2023.10.10"]
[SourceQuality "1"]
[WhiteTeam "Armenia"]
[BlackTeam "Turkmenistan"]
[WhiteTeamCountry "ARM"]
[BlackTeamCountry "TKM"]

1. d4 d5 2. c4 c6 3. Nc3 Nf6 4. Nf3 e6 5. Bg5 h6 6. Bh4 dxc4 7. e4 g5 8. Bg3 b5 9. Qc2 Bb7 10. 0-0-0 Bg7 11. d5 cxd5 12. Nxb5 0-0 13. exd5 exd5 14. Nc7 Ne4 15. Nxa8 Bxa8 16. Bxc4 Nxg3 17. hxg3 Re8 18. Bd3 Qd7 19. Kb1 Rc8 20. Qd2 Qb7 21. Rc1 Rd8 22. Rc2 Nc6 23. Nxg5 hxg5 24. Qxg5 Ne5 25. Qxd8+ Bf8 26. Rh8+ Kg7 27. Qxf8+ Kf6 28. Qd6+ Kg5 29. Qh6+ Kg4 30. Qh4# 1-0

[Event "Wch U14 rapid"]
[Site "Batumi"]
[Date "2023.06.06"]
[Round "2"]
[White "Hovakimyan, Vache"]
[Black "Dotzer, Lukas"]
[Result "0-1"]
[WhiteElo "1857"]
[BlackElo "2136"]
[PlyCount "112"]
[EventDate "2023.06.06"]
[EventType "swiss (rapid)"]
[EventRounds "11"]
[EventCountry "GEO"]
[SourceTitle "EXT 2024"]
[Source "ChessBase"]
[SourceDate "2023.10.10"]
[SourceVersion "1"]
[SourceVersionDate "2023.10.10"]
[SourceQuality "1"]
[WhiteTeam "Armenia"]
[BlackTeam "Austria"]
[WhiteTeamCountry "ARM"]
[BlackTeamCountry "AUT"]

1. d4 Nf6 2. c4 g6 3. Nc3 d5 4. Nf3 Bg7 5. Bg5 Ne4 6. cxd5 Nxg5 7. Nxg5 e6 8. Nf3 exd5 9. e3 0-0 10. Bd3 c6 11. 0-0 a5 12. h3 Be6 13. Qc2 Nd7 14. Na4 Qf6 15. Nd2 Rfc8 16. Nc5 Nxc5 17. Qxc5 Qd8 18. Qc2 b6 19. Rac1 c5 20. dxc5 bxc5 21. b3 Rab8 22. Rfd1 Qe8 23. Rb1 Rb4 24. Be2 a4 25. bxa4 Qxa4 26. Qxa4 Rxa4 27. Bf3 Rxa2 28. Nb3 c4 29. Nd4 c3 30. Rbc1 Bf8 31. Nb5 c2 32. Rf1 Bb4 33. Nd4 Bd2 34. Rxc2 Raxc2 35. Nxc2 Rxc2 36. h4 Kg7 37. Rb1 Rc1+ 38. Rxc1 Bxc1 39. g3 Kf6 40. Kf1 h5 41. Bd1 Ke5 42. Bc2 Bg4 43. Ke1 Bf3 44. Bb3 Ba3 45. Kf1 Bb4 46. Ba2 Kd6 47. Bb3 Kc5 48. Ba2 f6 49. Bb1 g5 50. Bg6 gxh4 51. gxh4 d4 52. exd4+ Kxd4 53. Kg1 Ke5 54. Kh2 Kf4 55. Kh3 Be1 56. Bf7 Bxf2 0-1

[Event "Arandjelovac op 1st"]
[Site "Arandjelovac"]
[Date "2023.03.16"]
[Round "2"]
[White "Isha, Sharma"]
[Black "Hovakimyan, Vache"]
[Result "1-0"]
[WhiteElo "2197"]
[BlackElo "2025"]
[PlyCount "95"]
[EventDate "2023.03.15"]
[EventType "swiss"]
[EventRounds "9"]
[EventCountry "SRB"]
[SourceTitle "CBM 213 Extra"]
[Source "ChessBase"]
[SourceDate "2023.05.31"]
[SourceVersion "1"]
[SourceVersionDate "2023.05.31"]
[SourceQuality "1"]

1. e4 e6 2. d4 d5 3. Nd2 c5 4. Ngf3 cxd4 5. exd5 Qxd5 6. Bc4 Qd6 7. 0-0 Nf6 8. Nb3 Nc6 9. Nfxd4 Nxd4 10. Nxd4 a6 11. a4 Qc7 12. Qe2 Bd6 13. g3 0-0 14. Rd1 e5 15. Nb3 e4 16. Re1 Bg4 17. Qf1 Rac8 18. Nd2 Rfe8 19. Bb3 b5 20. axb5 axb5 21. Nb1 b4 22. Be3 Bc5 23. Nd2 Bxe3 24. Rxe3 Qe5 25. Nc4 Qd4 26. h3 Bf3 27. Rxf3 exf3 28. Rd1 Qc5 29. Nd6 Re2 30. Nxc8 Qxc8 31. Bc4 Rxc2 32. Qd3 Re2 33. Qb3 Qxh3 34. Bxf7+ Kf8 35. Qxf3 Qg4 36. Qxg4 Nxg4 37. Bh5 Rxf2 38. Bxg4 Rxb2 39. Rd7 b3 40. Rb7 Rb1+ 41. Kg2 b2 42. Bf5 Re1 43. Bxh7 Re2+ 44. Kf3 Rd2 45. Bg6 Rd6 46. Bc2 Rf6+ 47. Kg2 Rc6 48. Rxb2 1-0

[Event "EU-ch U14 30th"]
[Site "Antalya"]
[Date "2022.11.14"]
[Round "9"]
[White "Turkmen, Yusuf Cagan"]
[Black "Hovakimyan, Vache"]
[Result "1/2-1/2"]
[WhiteElo "1877"]
[BlackElo "2077"]
[PlyCount "37"]
[EventDate "2022.11.06"]
[EventType "swiss"]
[EventRounds "9"]
[EventCountry "TUR"]
[SourceTitle "EXT 2024"]
[Source "ChessBase"]
[SourceDate "2023.10.10"]
[SourceVersion "1"]
[SourceVersionDate "2023.10.10"]
[SourceQuality "1"]

1. e4 c5 2. Nf3 Nc6 3. Bb5 g6 4. 0-0 Bg7 5. c3 Nf6 6. Re1 0-0 7. d4 cxd4 8. cxd4 d5 9. e5 Ne4 10. Bxc6 bxc6 11. Be3 f6 12. exf6 exf6 13. Qc1 Qb6 14. Nbd2 f5 15. Nxe4 fxe4 16. Ne5 Rf6 17. Qc3 Rb8 18. b3 Qc7 19. Rac1 1/2-1/2

[Event "EU-ch U14 30th"]
[Site "Antalya"]
[Date "2022.11.12"]
[Round "7"]
[White "Perossa, Nicolas"]
[Black "Hovakimyan, Vache"]
[Result "1-0"]
[WhiteElo "2195"]
[BlackElo "2077"]
[PlyCount "37"]
[EventDate "2022.11.06"]
[EventType "swiss"]
[EventRounds "9"]
[EventCountry "TUR"]
[SourceTitle "EXT 2024"]
[Source "ChessBase"]
[SourceDate "2023.10.10"]
[SourceVersion "1"]
[SourceVersionDate "2023.10.10"]
[SourceQuality "1"]

1. e4 c5 2. Nf3 Nc6 3. Bb5 g6 4. 0-0 Bg7 5. Bxc6 dxc6 6. d3 Nf6 7. h3 Nd7 8. Nbd2 e5 9. a4 b6 10. Nc4 Qc7 11. b3 0-0 12. Bb2 Re8 13. Nh2 Nf8 14. f4 exf4 15. Bxg7 Kxg7 16. e5 Ba6 17. Nd6 Re7 18. Rxf4 Nd7 19. Ne4 1-0

[Event "EU-ch U14 30th"]
[Site "Antalya"]
[Date "2022.11.10"]
[Round "5"]
[White "Agasarov, Benik"]
[Black "Hovakimyan, Vache"]
[Result "1-0"]
[WhiteElo "2219"]
[BlackElo "2077"]
[PlyCount "89"]
[EventDate "2022.11.06"]
[EventType "swiss"]
[EventRounds "9"]
[EventCountry "TUR"]
[SourceTitle "CBM 211 Extra"]
[Source "ChessBase"]
[SourceDate "2023.01.31"]
[SourceVersion "1"]
[SourceVersionDate "2023.01.31"]
[SourceQuality "1"]

1. d4 d5 2. c4 e6 3. Nc3 c6 4. e3 Nf6 5. Nf3 Nbd7 6. Be2 Bd6 7. 0-0 0-0 8. b3 Re8 9. Bb2 dxc4 10. Bxc4 h6 11. Qc2 e5 12. Rad1 Qc7 13. h3 exd4 14. Nxd4 Bf8 15. Ncb5 Qb8 16. Nf5 Ne5 17. Nfd6 cxb5 18. Nxe8 bxc4 19. Rd8 Nfd7 20. Rd1 Nc6 21. R1xd7 Bxd7 22. Rxb8 Rxb8 23. Nc7 Rc8 24. Nd5 Nb4 25. Nxb4 Bxb4 26. bxc4 Be6 27. Qa4 Rxc4 28. Qxa7 Rc2 29. Qb8+ Bf8 30. Be5 Rc1+ 31. Kh2 Rc2 32. Bg3 b5 33. Qxb5 Rxa2 34. Qb8 Rc2 35. Bc7 Rc1 36. e4 h5 37. Qd8 g6 38. f4 Rc5 39. f5 gxf5 40. Bd6 Rc8 41. Qg5+ Bg7 42. Be5 f6 43. Bxf6 Rc7 44. exf5 Bc4 45. Be5 1-0